Detalles MARC
| 000 -CABECERA |
| Longitud fija campo de control |
01513nam a2200397 c 4500 |
| 001 - NÚMERO DE CONTROL |
| Número de control |
17411 |
| 003 - IDENTIFICADOR DE NÚMERO DE CONTROL |
| Identificador del número de control |
ES-MaCES |
| 005 - FECHA Y HORA DE LA ÚLTIMA TRANSACCIÓN |
| Fecha y hora de la última transacción |
20141221122500.0 |
| 008 - CAMPO FIJO DE DESCRIPCIÓN FIJA--INFORMACIÓN GENERAL |
| Códigos de información de longitud fija |
050404s2004 sp bd t o000 | spa d |
| 017 ## - NÚMERO DE REGISTRO DE DERECHOS DE AUTOR Y DEPÓSITO LEGAL |
| Número de copyright o de depósito legal |
M 50113-2004 |
| Agencia que asigna el número |
DL |
| 020 ## - ISBN (INTERNATIONAL STANDARD BOOK NUMBER) |
| Número Internacional Normalizado para Libros (ISBN) |
8449807360 |
| 024 7# - OTROS IDENTIFICADORES |
| Número normalizado o código |
161-04-082-3 |
| Fuente del número o código |
nipo |
| 035 ## - NÚMERO DE CONTROL DEL SISTEMA |
| Número de control del sistema |
CES20050002800m |
| 040 ## - FUENTE DE CATALOGACIÓN |
| Centro catalogador de origen |
ES-MaCES |
| Lengua de catalogación |
spa |
| Centro transcriptor |
ES-MaCES |
| 245 04 - MENCIÓN DE TÍTULO |
| Título |
Los transportes y los servicios postales |
| Nombre de parte o sección de la obra |
Informe anual 2003 |
| 260 ## - PUBLICACIÓN, DISTRIBUCIÓN, ETC (PIE DE IMPRENTA) |
| Lugar de publicación, distribución, etc. |
[Madrid] |
| Nombre del editor, distribuidor, etc. |
Centro de Publicaciones, Ministerio de Fomento |
| Fecha de publicación, distribución, etc. |
2004 |
| 300 ## - DESCRIPCIÓN FÍSICA |
| Extensión |
406 p. |
| Otras características físicas |
gráf., map. |
| Dimensiones |
30 cm |
| Material anejo |
1 cuadernillo (99 p. ; 11 x 16 cm) ; 1 CD-ROM |
| 500 ## - NOTA GENERAL |
| Nota general |
Tít. del cuadernillo: El transporte y los servicios postales en España en cifras : extracto del informe anual 2003 |
| 500 ## - NOTA GENERAL |
| Nota general |
Disponible simultáneamente en CD-ROM |
| 541 ## - NOTA DE LA FUENTE INMEDIANTE DE ADQUISICIÓN |
| Forma de adquisición |
Gratuito |
| 650 #4 - ASIENTO SECUNDARIO DE MATERIA--TÉRMINO DE MATERIA |
| Término de materia o nombre geográfico como elemento inicial |
transportes |
| 9 (RLIN) |
28016 |
| 650 #4 - ASIENTO SECUNDARIO DE MATERIA--TÉRMINO DE MATERIA |
| Término de materia o nombre geográfico como elemento inicial |
servicio postal |
| 9 (RLIN) |
27879 |
| 650 #4 - ASIENTO SECUNDARIO DE MATERIA--TÉRMINO DE MATERIA |
| Término de materia o nombre geográfico como elemento inicial |
España |
| 9 (RLIN) |
26964 |
| 650 #4 - ASIENTO SECUNDARIO DE MATERIA--TÉRMINO DE MATERIA |
| Término de materia o nombre geográfico como elemento inicial |
2003 |
| 9 (RLIN) |
31178 |
| 650 #4 - ASIENTO SECUNDARIO DE MATERIA--TÉRMINO DE MATERIA |
| Término de materia o nombre geográfico como elemento inicial |
cuadros estadísticos |
| 9 (RLIN) |
28890 |
| 650 #4 - ASIENTO SECUNDARIO DE MATERIA--TÉRMINO DE MATERIA |
| Término de materia o nombre geográfico como elemento inicial |
informe |
| 9 (RLIN) |
28986 |
| 650 #4 - ASIENTO SECUNDARIO DE MATERIA--TÉRMINO DE MATERIA |
| Término de materia o nombre geográfico como elemento inicial |
CD ROM |
| 9 (RLIN) |
30331 |
| 653 10 - TÉRMINO DE INDEXACIÓN--NO CONTROLADO |
| Término no controlado |
Transporte-Comunicaciones |
| 710 1# - ENCABEZAMIENTO SECUNDARIO--NOMBRE CORPORATIVO |
| Nombre de entidad o nombre de jurisdicción como elemento inicial |
España |
| Unidad subordinada |
Ministerio de Fomento |
| Término indicativo de función |
ed. |
| 9 (RLIN) |
3244 |
| 740 32 - ENCABEZAMIENTO SECUNDARIO--TÍTULO ANALÍTICO/RELACIONADO NO CONTROLADO |
| Título relacionado o analítico no controlado |
El transporte y los servicios postales en España en cifras : extracto del informe anual 2003 |
| 787 0# - ENTRADA DE OTRAS ESPECIFICACIONES |
| Título |
Los transportes y los servicios postales |
| Número de control del registro relacionado |
(ES-MaCES)18417 |
| 787 0# - ENTRADA DE OTRAS ESPECIFICACIONES |
| Título |
Los transportes y los servicios postales |
| Número de control del registro relacionado |
(ES-MaCES)16035 |
| 902 ## - CES. TIPO DE DOCUMENTO |
| Tipodoc (006$c Sirtex) |
LIB Libro |
| 942 ## - ELEMENTOS KOHA |
| Fuente de clasificaión o esquema |
Clasificación propia del CES |
| Koha [por defecto] tipo de item |
Monografías |
| Parte de clasificación |
5.2. |